000 00406 a2200157 4500
001 47326
020 _a8536006439 (broch.)
040 _cAnchieta - Aquarius
100 _aRypl, André João.
240 1 0 _a=100 magias para conviver bem com seus pais
_lpor
245 1 0 _a=100 magias para conviver bem com seus pais
300 _a95p.
362 0 _a2003
650 4 _aLiteratura brasileira
942 _cBK
999 _c47326
_d47326